Michalovce v zrkadle dejín 1244-2004

Bibliographic Details
Other Authors: Pakánová, Viera (Compiler, Photographer)
Format: Book
Language:Slovak
PhysicalDescription:[20] s. fareb. fotogr. 30 cm
Published: [Michalovce] Excel enterprise 2004
ISBN:8096914227
Edition:[1. vyd.]
Subjects:

MARC

LEADER 00000nam a2200000 a 4500
001 vtls001478253
003 SK-MaSNL
005 20260302073609.0
008 171201s2004 xo io g 00000 slo
015 |a SNBE2005/01-00223 
020 |a 8096914227  |q (brož.) 
035 |a SNK000433553 
040 |a SNK  |b slo  |c SNK  |e AACR2 
072 7 |a 913  |x Regionálna geografia  |2 konspekt 
072 7 |a 94(437)  |x Dejiny Česka a Slovenska  |2 konspekt 
080 |a (082.2)  |2 MDT-MRF 
080 |a (041)  |2 MDT-MRF 
080 |a 94(437.6)  |2 MDT-MRF 
245 0 0 |a Michalovce v zrkadle dejín 1244-2004  |c [zostavovateľ: Viera Pakánová ] 
250 |a [1. vyd.] 
260 |a [Michalovce]  |b Excel enterprise  |c 2004 
300 |a [20] s.  |b fareb. fotogr.  |c 30 cm 
500 |a Vydané pre Mestský úrad Michalovce 
500 |a Názov z obalu 
506 |a 2000 výt. 
648 7 |a 1244-2004  |2 SNKPH  |9 588056 
650 0 7 |a dejiny obcí  |2 SNKPH  |9 164834 
651 7 |a Michalovce (Slovensko)  |2 SNK  |9 22487 
655 7 |a jubilejné publikácie  |2 SNKPH  |9 70339 
655 7 |a brožúry  |2 SNKPH  |9 70146 
655 7 |a informačné publikácie  |2 SNKPH  |9 70181 
700 1 |a Pakánová, Viera  |4 com  |4 pht  |9 738216 
919 |a 80-969142-2-7 
999 |c 1161520  |d 1163450 
952 |t P60, <03>, [BOOK], {603}, -K-  |a SNK  |b SNK  |y PREZ  |7 0  |p 17A0435943  |o snkOSB 14029  |i snkKSP 9154/2004  |0 0  |1 0  |4 0  |d 2004-07-12  |l 0  |r 2005-01-02 00:00:00  |w 2026-02-24 
952 |a SNK  |b SNK  |y VYP  |7 0  |p 17A0435945  |o snkOSB 14029 D1  |i snkKSP 10982/2004  |0 0  |1 0  |4 0  |d 2004-07-12  |l 0  |r 2005-01-02 00:00:00  |w 2026-02-24